| 000 | 01513nam0a2200313 4500 | ||
|---|---|---|---|
| 001 | RU\NLR\BIBL_A\022559079 | ||
| 005 | 20260420045419.0 | ||
| 010 |
_a978-5-907907-59-1 _9500 |
||
| 021 |
_aRU _bКН-П-25-022366 _9КН-П-25-2259 |
||
| 035 | _a(NLR Aleph) 022559079 | ||
| 090 |
_a13674386 _c13674386 |
||
| 100 | _a20250604d2024 k y0rusy50 ca | ||
| 101 | 0 | _arus | |
| 102 | _aRU | ||
| 105 | _aach z 000yy | ||
| 181 | 0 |
_ai3 _baxxe |
|
| 182 | 0 | _an | |
| 200 | 1 |
_aУчастие железнодорожников Кубани и Дона в процессе восстановления народного хозяйства (1945-1953) _eмонография _fВ. Е. Темляков _gМинистерство сельского хозяйства Российской Федерации, ФГБОУ ВО "Кубанский государственный аграрный университет имени И. Т. Трубилина" |
|
| 203 |
_aТекст _bвизуальный _cнепосредственный |
||
| 210 |
_aКраснодар _cКубГАУ _d2024 |
||
| 215 |
_a84 с. _cил., портр., факс., табл. _d21 |
||
| 320 | _aБиблиогр.: с. 65-76 (126 назв.) | ||
| 606 | 1 |
_aЖелезные дороги _xИстория _91210745 _3RU\NLR\AUTH\66172930 |
|
| 686 | 1 | _aУ37(0)2-03 | |
| 700 | 1 |
_aТемляков _bВ. Е. _gВладимир Евгеньевич |
|
| 942 | _cBOOK | ||
| 980 | _aNB | ||